[Event "GER-chT U14"]
[Site "Magdeburg"]
[Date "2013.12.27"]
[Round "1.3"]
[White "Fabiunke, Jakob"]
[Black "Grabolle, Anton"]
[Result "1-0"]
[WhiteElo "1478"]
[BlackElo "1105"]
[PlyCount "55"]
[EventDate "2013.12.27"]
[EventType "team-swiss"]
[EventRounds "4"]
[EventCountry "GER"]
[SourceTitle "EXT 2015"]
[Source "ChessBase"]
[SourceDate "2014.11.20"]
[SourceVersion "1"]
[SourceVersionDate "2014.11.20"]
[SourceQuality "1"]
[WhiteTeam "Weissensee Chemie"]
[BlackTeam "Weimar"]
[WhiteTeamCountry "GER"]
[BlackTeamCountry "GER"]

1. d4 d5 2. c4 e6 3. Nc3 c6 4. Nf3 Bd6 5. e3 f5 6. Be2 Nf6 7. 0-0 0-0 8. c5 Bc7 9. b4 b6 10. cxb6 axb6 11. a4 Nbd7 12. Ba3 e5 13. b5 c5 14. dxc5 bxc5 15. Nxd5 Nxd5 16. Qxd5+ Kh8 17. Qxa8 Nb6 18. Qc6 Nxa4 19. Bxc5 Nxc5 20. Qxc5 Rf6 21. Nxe5 h6 22. Rfd1 Qe8 23. Qxc7 Be6 24. Rd8 Qxd8 25. Qxd8+ Kh7 26. Ra7 Bg8 27. Qxf6 Kh8 28. Qxg7# 1-0